[Event "World Rapid 2018"]
[Site "St Petersburg RUS"]
[Date "2018.12.26"]
[Round "5.32"]
[White "Jumabayev, Rinat"]
[Black "Dreev, Aleksey"]
[Result "1-0"]
[WhiteTitle "GM"]
[BlackTitle "GM"]
[WhiteElo "2602"]
[BlackElo "2670"]
[WhiteFideId "13702661"]
[BlackFideId "4100107"]
[EventDate "2018.12.26"]

1. e4 c6 2. d4 d5 3. exd5 cxd5 4. Bd3 Nc6 5. c3 Qc7 6. h3 g6 7. Nf3 Bg7 8. O-O
Nh6 9. Re1 O-O 10. Na3 a6 11. Nc2 Bf5 12. Ne3 Bxd3 13. Qxd3 Rad8 14. a4 Qd7 15.
Bd2 Rfe8 16. a5 Nf5 17. Nxf5 Qxf5 18. Qxf5 gxf5 19. Bf4 h5 20. Bc7 Rc8 21. Bb6
e6 22. Re2 Nb8 23. Bc5 Nd7 24. Bb4 f6 25. Ne1 Kf7 26. Nd3 Bh6 27. Rae1 Rc6 28.
h4 Rg8 29. f3 Re8 30. Kf2 Rc4 31. Bd6 Rcc8 32. Bg3 Rc4 33. Bd6 Rcc8 34. Kf1 Rc6
35. Bg3 Rc4 36. Nb4 Rcc8 37. Bd6 Nf8 38. Kf2 Ng6 39. Nd3 Rc6 40. Bh2 Bf8 41. Bf4
Rc4 42. g3 Rc6 43. Ra1 Rc4 44. Bd2 e5 45. Rae1 Bd6 46. f4 e4 47. Nc1 Ne7 48. Nb3
Rcc8 49. Na1 Nc6 50. Nb3 Rg8 51. Ra1 Rg7 52. Ree1 Rcg8 53. Rg1 Ke6 54. Be3 Rb8
55. Ra2 Nd8 56. Nd2 Rc7 57. Ke2 Nf7 58. Rc1 Rbc8 59. Nf1 Be7 60. Bd2 Nd6 61. Ne3
Rg8 62. Be1 Rgc8 63. Kd1 Bd8 64. Ra4 Rc6 65. b3 Nb5 66. c4 Kf7 67. Nxf5 Kg6 68.
Ne3 Nxd4 69. f5+ Nxf5 70. Nxd5 Bc7 71. Ke2 Bd6 72. Rd1 Re8 73. Bf2 e3 74. Be1
Bxg3 75. Rb4 Re4 76. Bxg3 Nxg3+ 77. Kf3 e2 78. Re1 Rce6 79. Kxg3 Kf5 80. Kf3
Rxh4 81. Rxe2 Rh3+ 82. Kg2 Rxe2+ 83. Kxh3 Ra2 84. Rxb7 Rxa5 85. Rb6 Ke5 86. Nc7
Ra3 87. Nxa6 f5 88. c5 Kf4 89. c6 1-0

[Event "World Rapid 2018"]
[Site "St Petersburg RUS"]
[Date "2018.12.26"]
[Round "5.33"]
[White "Grachev, Boris"]
[Black "Gareyev, Timur"]
[Result "1/2-1/2"]
[WhiteTitle "GM"]
[BlackTitle "GM"]
[WhiteElo "2626"]
[BlackElo "2569"]
[WhiteFideId "4129199"]
[BlackFideId "14200937"]
[EventDate "2018.12.26"]

1. Nf3 Nf6 2. c4 g6 3. Nc3 Bg7 4. g3 O-O 5. Bg2 c6 6. e4 d5 7. cxd5 cxd5 8. e5
Ne4 9. O-O Nc6 10. d4 Bf5 11. Nh4 Nxc3 12. bxc3 Bc8 13. Qb3 e6 14. Nf3 b6 15. h4
Ba6 16. Re1 h6 17. Qd1 Rc8 18. Nh2 Ne7 19. Bd2 Nf5 20. Ng4 Qe7 21. a4 Bc4 22.
Bh3 Rc6 23. Qf3 h5 24. Ne3 Nxe3 25. Bxe3 Rfc8 26. Bg5 Qc7 27. Reb1 Ba6 28. Bd2
Qd8 29. Bf1 Bxf1 30. Kxf1 Rc4 31. Kg2 f5 32. exf6 Qxf6 33. Qxf6 Bxf6 34. a5 Bd8
35. a6 Bf6 36. Rb5 Kf7 37. Kf1 Ke7 38. Ke2 Kd7 39. Kd3 Kc6 40. Rb3 e5 41. dxe5
Bxe5 42. Re1 Kd6 43. f4 Bf6 44. Rg1 Ke6 45. g4 hxg4 46. Rxg4 Kf5 47. Rg2 R8c5
48. Rh2 d4 49. Rb4 b5 50. cxd4 Rd5 51. Rxc4 bxc4+ 52. Kxc4 Rxd4+ 53. Kb5 Rd3 54.
Bb4 Rb3 55. Kc4 Rb1 56. h5 Ra1 57. Kb5 Rb1 58. Kc4 Ra1 59. hxg6 Rxa6 60. Rg2 Bg7
61. Rg5+ Kxf4 62. Bd2+ Ke4 63. Rg4+ Kf5 64. Rg5+ Ke4 65. Rg4+ Ke5 1/2-1/2

[Event "World Rapid 2018"]
[Site "St Petersburg RUS"]
[Date "2018.12.26"]
[Round "5.34"]
[White "Savchenko, Boris"]
[Black "Reshetnikov, Alexey"]
[Result "1-0"]
[WhiteTitle "GM"]
[BlackTitle "IM"]
[WhiteElo "2562"]
[BlackElo "2492"]
[WhiteFideId "4147332"]
[BlackFideId "4162080"]
[EventDate "2018.12.26"]

1. e4 e6 2. d4 d5 3. Nc3 dxe4 4. Nxe4 Bd7 5. Nf3 Bc6 6. Bd3 Nd7 7. c3 Ngf6 8.
Nxf6+ Nxf6 9. Bf4 Bxf3 10. Qxf3 c6 11. Qh3 Bd6 12. Bg5 Qa5 13. Bxf6 gxf6 14. O-O
Qg5 15. b4 h5 16. b5 Qg4 17. Qe3 cxb5 18. Bxb5+ Ke7 19. f4 Rac8 20. Be2 Qf5 21.
c4 b6 22. a4 h4 23. a5 Rhd8 24. axb6 axb6 25. Rab1 Bc7 26. Rb5 Qc2 27. f5 Rxd4
28. Qxd4 Qxe2 29. fxe6 Rd8 1-0

[Event "World Rapid 2018"]
[Site "St Petersburg RUS"]
[Date "2018.12.26"]
[Round "5.35"]
[White "Indjic, Aleksandar"]
[Black "Bocharov, Ivan"]
[Result "1/2-1/2"]
[WhiteTitle "GM"]
[BlackTitle "IM"]
[WhiteElo "2620"]
[BlackElo "2563"]
[WhiteFideId "911925"]
[BlackFideId "4180887"]
[EventDate "2018.12.26"]

1. d4 d5 2. c4 c6 3. Nf3 Nf6 4. Nc3 dxc4 5. a4 Bf5 6. e3 e6 7. Bxc4 Bb4 8. O-O
Nbd7 9. h3 Ne4 10. Bd3 Ndf6 11. Qc2 Nxc3 12. bxc3 Bxd3 13. Qxd3 Be7 14. e4 O-O
15. c4 Qc7 16. e5 Nd7 17. Bg5 Rfe8 18. Bxe7 Rxe7 19. Ng5 f5 20. f4 Rd8 21. Qc3
Nf8 22. Rfd1 h6 23. Nf3 Ng6 24. g3 Red7 25. c5 Ne7 26. a5 Nd5 27. Qb3 Kh8 28.
Kf2 a6 29. h4 Rg8 30. h5 Qd8 31. Rh1 g5 32. hxg6 Rxg6 33. Rh3 Kg8 34. Nd2 Rdg7
35. Nf3 Kf8 36. Ra2 Ke8 37. Ra1 Kf8 38. Ra2 Ke8 39. Ra1 Kf8 1/2-1/2

[Event "World Rapid 2018"]
[Site "St Petersburg RUS"]
[Date "2018.12.26"]
[Round "5.36"]
[White "Hovhannisyan, Robert"]
[Black "Najer, Evgeniy"]
[Result "1-0"]
[WhiteTitle "GM"]
[BlackTitle "GM"]
[WhiteElo "2637"]
[BlackElo "2670"]
[WhiteFideId "13302507"]
[BlackFideId "4118987"]
[EventDate "2018.12.26"]

1. e4 c5 2. Nf3 d6 3. d4 cxd4 4. Nxd4 Nf6 5. Nc3 a6 6. Be2 e5 7. Nf3 Be7 8. Bg5
O-O 9. Bxf6 Bxf6 10. Nd5 Nd7 11. O-O Nc5 12. Nd2 Bg5 13. b4 Bxd2 14. bxc5 Ba5
15. cxd6 Qxd6 16. Rb1 Rd8 17. Rb3 Qc5 18. c4 Rb8 19. Bg4 Be6 20. Rg3 Bxd5 21.
cxd5 Bb6 22. Qd2 Qe7 23. Rb3 Rd6 24. g3 g6 25. h4 Bd4 26. Kg2 Rf8 27. Rf3 Rb6
28. h5 Kg7 29. Rh1 g5 30. h6+ Kh8 31. Rh5 Rg8 32. Qc1 Rd6 33. Rf5 f6 34. Rf3 b6
35. Be6 Rf8 36. Rxg5 fxg5 37. Qxg5 1-0

[Event "World Rapid 2018"]
[Site "St Petersburg RUS"]
[Date "2018.12.26"]
[Round "5.37"]
[White "Alekseev, Evgeny"]
[Black "Usmanov, Vasily"]
[Result "1-0"]
[WhiteTitle "GM"]
[BlackTitle "IM"]
[WhiteElo "2639"]
[BlackElo "2450"]
[WhiteFideId "4138147"]
[BlackFideId "4135741"]
[EventDate "2018.12.26"]

1. Nf3 d5 2. e3 c5 3. c4 d4 4. exd4 cxd4 5. b4 f6 6. c5 e5 7. Bc4 a5 8. Qb3 Nh6
9. d3 axb4 10. Bxh6 gxh6 11. Nbd2 Nc6 12. Ne4 Ra3 13. Qd1 f5 14. Ng3 Qf6 15. O-O
Bxc5 16. Re1 Kd8 17. Bb3 Re8 18. Nd2 b6 19. Rc1 Ra7 20. Nc4 Rae7 21. Qf3 Qg6 22.
Ba4 e4 23. Qf4 Bd7 24. Bxc6 Qxc6 25. Nxf5 Bxf5 26. Qxf5 exd3 27. Rxe7 Rxe7 28.
Qxd3 Qe4 29. Nb2 Qe2 30. Qb1 Qe4 31. Nd3 Rg7 32. g3 Re7 33. Qb3 Qe6 34. Qa4 Rc7
35. Re1 Qc6 36. Qb3 Kc8 37. Re6 Qb5 38. Re5 Kb8 39. h4 Qd7 40. Re6 Qf7 41. Ne5
Qf8 42. Qd5 d3 43. Nxd3 Ka7 44. Qe4 Qa8 45. Qe5 Qd8 46. Qe4 Qd4 47. Qxd4 Bxd4
48. Nxb4 Rc1+ 49. Kg2 Kb7 50. Rxh6 Rd1 51. Rxh7+ Kc8 52. Rf7 Rd2 53. h5 Bc5 54.
a3 Rd6 55. g4 Kd8 56. g5 Ke8 57. Rf5 Rd4 58. h6 Rh4 59. f4 Kd7 60. Kg3 Rh1 61.
Rf7+ Ke8 62. Rf6 Bd4 63. Re6+ Kf7 64. Rc6 Bc5 65. Kg4 Ra1 66. g6+ Ke7 67. g7
Rg1+ 68. Kf5 Bd4 69. Rg6 Kf7 70. g8=Q+ 1-0

[Event "World Rapid 2018"]
[Site "St Petersburg RUS"]
[Date "2018.12.26"]
[Round "5.38"]
[White "Khusnutdinov, Rustam"]
[Black "Ponkratov, Pavel"]
[Result "1/2-1/2"]
[WhiteTitle "GM"]
[BlackTitle "GM"]
[WhiteElo "2470"]
[BlackElo "2630"]
[WhiteFideId "13701703"]
[BlackFideId "4157800"]
[EventDate "2018.12.26"]

1. e4 e6 2. d4 d5 3. Nd2 g6 4. c3 Bg7 5. e5 c5 6. f4 b6 7. Ndf3 Ne7 8. Bb5+ Nec6
9. Be3 Ba6 10. Bxa6 Nxa6 11. Ne2 O-O 12. O-O f6 13. Qa4 Qc8 14. exf6 Rxf6 15.
Ne5 Ne7 16. Ng3 Qb7 17. Rae1 b5 18. Qd1 c4 19. Bc1 Nc7 20. b3 Rd8 21. Ba3 Bf8
22. Bxe7 Bxe7 23. Ng4 Rff8 24. f5 Qc6 25. f6 Bd6 26. f7+ Kh8 27. Qf3 Be7 28. Ne5
Qb6 29. Qg4 g5 30. Nh5 b4 31. cxb4 Nb5 32. Rd1 Nc3 33. bxc4 dxc4 34. Rd2 Rxd4
35. Rxd4 Qxd4+ 36. Qxd4 Ne2+ 37. Kh1 Nxd4 38. Nxc4 Bxb4 39. Ne5 Rd8 40. Rd1 Nc6
41. Rxd8+ Nxd8 42. Nf6 Kg7 43. Ne8+ Kf8 44. Nf6 h6 45. Ng8 Kg7 46. g4 Bf8 47.
Nd7 Nxf7 48. Ngf6 Bd6 49. Ne4 Bb4 50. h3 Nd8 51. Ne5 Ba5 52. Kg2 Bc7 53. Nf3 Nc6
54. h4 gxh4 55. Nxh4 Kf7 56. Nf3 Nb4 57. a4 Nd5 58. Nd4 Bb6 59. Nc6 Ne7 60. Ne5+
Kg7 61. Nc4 Nd5 62. Kf3 Bc7 63. Ncd6 Kg6 64. Nb5 Bb6 65. a5 Bg1 66. Ned6 a6 67.
Na3 Bc5 68. Nac4 Nc3 69. Ne5+ Kg7 70. Nb7 Bd4 71. Nc6 Nb5 72. Ke4 Bc3 73. Nc5
Nc7 74. Kd3 Be1 75. Ke2 Bg3 76. Nb8 Bd6 77. Ne4 Ba3 78. Nc6 Kf7 79. Kd3 Ke8 80.
g5 hxg5 81. Nxg5 Kd7 82. Nb8+ Kd6 83. Kc4 e5 84. Ne4+ Ke6 85. Nc6 Kf5 86. Kd3
Kf4 87. Nd2 Bc5 88. Ne4 Bf8 89. Nc3 Bg7 90. Nb4 Kf3 91. Nc6 Ne6 92. Nb4 Nc7 93.
Nc6 Kf4 94. Nb4 Kf5 95. Nc6 Bf8 96. Ne4 Ne6 97. Ng3+ Kg4 98. Ne4 Kf4 99. Nf6 Kf5
100. Nd5 Nf4+ 101. Kc4 Bd6 102. Ndb4 Bc7 1/2-1/2

[Event "World Rapid 2018"]
[Site "St Petersburg RUS"]
[Date "2018.12.26"]
[Round "5.39"]
[White "Kevlishvili, Robby"]
[Black "Yudin, Sergei"]
[Result "0-1"]
[WhiteTitle "IM"]
[BlackTitle "GM"]
[WhiteElo "2451"]
[BlackElo "2507"]
[WhiteFideId "1040634"]
[BlackFideId "4159659"]
[EventDate "2018.12.26"]

1. e4 d6 2. d4 Nf6 3. Nc3 e5 4. Nf3 Nbd7 5. Bc4 Be7 6. a4 O-O 7. O-O c6 8. Re1
h6 9. h3 Re8 10. b3 exd4 11. Nxd4 Bf8 12. Bb2 Nc5 13. Qf3 Ne6 14. Bxe6 Bxe6 15.
Rad1 Qa5 16. Nce2 d5 17. e5 Ne4 18. Ng3 Nxg3 19. Qxg3 c5 20. Nb5 d4 21. Bc1 Bf5
22. Bd2 Qb6 23. Rc1 Re6 24. Bf4 Rg6 25. Qf3 Bd7 26. Qd3 Qc6 27. Bg3 h5 28. h4
Be7 29. Qe4 Rg4 30. Qxc6 Bxc6 31. Nd6 g6 32. c3 Rd8 33. cxd4 cxd4 34. Red1 f5
35. Nxb7 Bxb7 36. Rc7 Ba8 37. Rxe7 f4 38. f3 Rxg3 39. Kf2 g5 40. hxg5 Rxg5 41.
Rxa7 Rxe5 42. Rc7 d3 43. Rc4 Re2+ 44. Kf1 Rde8 45. Rd4 Bb7 46. b4 Ra2 47. b5
Ree2 48. Rd8+ Kf7 49. R1xd3 Rf2+ 50. Ke1 Rxg2 51. Kf1 Rgf2+ 52. Kg1 Bxf3 53. b6
Rg2+ 54. Kf1 Rh2 0-1

[Event "World Rapid 2018"]
[Site "St Petersburg RUS"]
[Date "2018.12.26"]
[Round "5.40"]
[White "Christiansen, Johan-Sebastian"]
[Black "Mchedlishvili, Mikheil"]
[Result "1/2-1/2"]
[WhiteTitle "GM"]
[BlackTitle "GM"]
[WhiteElo "2555"]
[BlackElo "2610"]
[WhiteFideId "1512668"]
[BlackFideId "13600966"]
[EventDate "2018.12.26"]

1. e4 c6 2. d4 d5 3. exd5 cxd5 4. c4 Nf6 5. Nc3 e6 6. Nf3 Bb4 7. cxd5 Nxd5 8.
Bd2 Nc6 9. Bd3 O-O 10. O-O Be7 11. Nxd5 Qxd5 12. Bc3 Bf6 13. Qe2 Bd7 14. Rfd1
Qd6 15. Ne5 Rad8 16. Be4 Be8 17. Ng4 Be7 18. d5 exd5 19. Bxd5 Qg6 20. Ne5 Nxe5
21. Bxe5 Rd7 22. Qf3 Qb6 23. Bc3 Bb4 24. Be4 Bxc3 25. Qxc3 Re7 26. Re1 g6 27.
Bd5 Rxe1+ 28. Rxe1 Bc6 29. Bxc6 bxc6 30. h4 h5 31. Re7 a5 32. g3 a4 33. Re4 Rb8
34. Rxa4 Qxb2 35. Qxc6 Qa1+ 36. Kh2 Kg7 37. Rf4 Qxa2 38. Qc3+ Kg8 39. Qc7 1/2-1/2

[Event "World Rapid 2018"]
[Site "St Petersburg RUS"]
[Date "2018.12.26"]
[Round "5.41"]
[White "Khismatullin, Denis"]
[Black "Chen, Qi b"]
[Result "1-0"]
[WhiteTitle "GM"]
[WhiteElo "2621"]
[BlackElo "2437"]
[WhiteFideId "4142578"]
[BlackFideId "8614733"]
[EventDate "2018.12.26"]

1. d4 Nf6 2. Nf3 d5 3. c4 e6 4. Nc3 Nbd7 5. e3 a6 6. b3 b6 7. Bb2 Bb7 8. Bd3 Bd6
9. O-O O-O 10. Qe2 Qe7 11. Rac1 Ne4 12. Rc2 Nxc3 13. Bxc3 dxc4 14. bxc4 h6 15.
Rb1 e5 16. c5 Bxf3 17. Qxf3 bxc5 18. Qe4 Nf6 19. Qf5 g6 20. Qh3 Kh7 21. dxe5
Bxe5 22. Bxe5 Qxe5 23. Rbc1 Rad8 24. Rxc5 Qb2 25. R5c2 Qa3 26. Bf1 Rd7 27. Qf3
Kg7 28. g3 Rfd8 29. Bc4 a5 30. Kg2 h5 31. Rc3 Qb4 32. Bb3 Ne8 33. Rc5 Re7 34.
R1c4 Qd2 35. Rf4 Nd6 36. Rd4 Qe1 37. Rd1 Qb4 38. Rcd5 Rde8 39. R1d4 Qb6 40. Rf4
Rf8 41. Rxh5 gxh5 42. Qxh5 Re4 43. Qg5+ Kh8 44. Qh6+ Kg8 45. Qg5+ Kh8 46. Rf6
Re6 47. Bxe6 Qc6+ 48. Bd5 1-0

[Event "World Rapid 2018"]
[Site "St Petersburg RUS"]
[Date "2018.12.26"]
[Round "5.42"]
[White "Vokhidov, Shamsiddin"]
[Black "Ragger, Markus"]
[Result "1/2-1/2"]
[WhiteTitle "IM"]
[BlackTitle "GM"]
[WhiteElo "2480"]
[BlackElo "2687"]
[WhiteFideId "14204223"]
[BlackFideId "1610856"]
[EventDate "2018.12.26"]

1. e4 e5 2. Bc4 Nf6 3. d3 Nc6 4. Nf3 Bc5 5. O-O d6 6. c3 a6 7. a4 Ba7 8. b4 h6
9. Re1 O-O 10. Nbd2 Ne7 11. Nf1 Ng6 12. Ng3 c6 13. Bb3 d5 14. h3 Re8 15. Qc2 Be6
16. Be3 Bxe3 17. Rxe3 Qd6 18. d4 dxe4 19. Nxe4 Bxb3 20. Qxb3 Nxe4 21. Rxe4 Qd5
22. Qc2 f5 23. Rxe5 Nxe5 24. Nxe5 a5 25. Rb1 axb4 26. Rxb4 b5 27. axb5 cxb5 28.
Qxf5 Rf8 29. Qb1 Ra5 30. Rb2 Rfa8 31. Kh2 Rc8 32. Qd3 Qd6 33. Rb3 Qd5 34. Rb2
Qd6 35. Rb3 Qd5 36. Rb2 1/2-1/2

[Event "World Rapid 2018"]
[Site "St Petersburg RUS"]
[Date "2018.12.26"]
[Round "5.43"]
[White "Le, Quang Liem"]
[Black "Gasanov, Eldar"]
[Result "1-0"]
[WhiteTitle "GM"]
[BlackTitle "GM"]
[WhiteElo "2714"]
[BlackElo "2499"]
[WhiteFideId "12401137"]
[BlackFideId "14104466"]
[EventDate "2018.12.26"]

1. e4 c5 2. Nf3 Nc6 3. d4 cxd4 4. Nxd4 g6 5. c4 d6 6. Be3 Bg7 7. Nc3 Qb6 8. Ndb5
Bxc3+ 9. Nxc3 Qxb2 10. Nd5 Kf8 11. Be2 Kg7 12. Rb1 Qe5 13. f3 Rb8 14. O-O Nf6
15. Qd2 Rd8 16. Rb5 Qe6 17. g4 b6 18. Qc3 Kg8 19. Bg5 Ne8 20. Rb2 f6 21. Bh4 Qe5
22. Qa3 Bd7 23. Bg3 Qe6 24. c5 Qf7 25. cxd6 exd6 26. Rc1 Kg7 27. g5 fxg5 28.
Rxc6 Bxc6 29. Qc3+ Kh6 30. Qxc6 Rbc8 31. Qa4 Rc1+ 32. Kg2 Rdc8 33. h4 gxh4 34.
Bf4+ g5 35. Bxc1 Rxc1 36. Rc2 Rxc2 37. Qxc2 Nf6 38. Ne3 Nh5 39. Nf5+ Kg6 40. Bc4
Nf4+ 41. Kh2 d5 42. Bb3 Qf6 43. Qc8 Qb2+ 44. Bc2 dxe4 45. fxe4 Nh5 46. Qe8+ 1-0

[Event "World Rapid 2018"]
[Site "St Petersburg RUS"]
[Date "2018.12.26"]
[Round "5.44"]
[White "Tomashevsky, Evgeny"]
[Black "Sychev, Klementy"]
[Result "1-0"]
[WhiteTitle "GM"]
[BlackTitle "IM"]
[WhiteElo "2705"]
[BlackElo "2537"]
[WhiteFideId "4147235"]
[BlackFideId "4114060"]
[EventDate "2018.12.26"]

1. c4 g6 2. e4 e5 3. Nc3 Bg7 4. d3 Nc6 5. g3 d6 6. Bg2 f5 7. Nge2 Nf6 8. O-O O-O
9. Nd5 Be6 10. h3 Qd7 11. Kh2 Rae8 12. Be3 Nh5 13. exf5 gxf5 14. f4 Nf6 15. Qd2
Rf7 16. Rae1 Kh8 17. Nxf6 Bxf6 18. b3 Rfe7 19. d4 exd4 20. Nxd4 Nd8 21. Bf2 Bf7
22. Rxe7 Rxe7 23. Re1 Rxe1 24. Qxe1 c5 25. Ne2 Nc6 26. Nc3 Bg7 27. Qd2 Nd4 28.
Bxd4 cxd4 29. Ne2 d5 30. c5 Qc6 31. b4 Qf6 32. a4 b6 33. cxb6 axb6 34. a5 bxa5
35. bxa5 h6 36. Qd3 Kg8 37. Qb5 Qe7 38. a6 Kh7 39. Qb7 Qxe2 40. a7 Be6 41. a8=Q 1-0

[Event "World Rapid 2018"]
[Site "St Petersburg RUS"]
[Date "2018.12.26"]
[Round "5.45"]
[White "Riazantsev, Alexander"]
[Black "Popov, Ivan RUS"]
[Result "1/2-1/2"]
[WhiteTitle "GM"]
[BlackTitle "GM"]
[WhiteElo "2649"]
[BlackElo "2592"]
[WhiteFideId "4125029"]
[BlackFideId "4170350"]
[EventDate "2018.12.26"]

1. d4 d5 2. c4 dxc4 3. e3 Nf6 4. Bxc4 c5 5. Nf3 e6 6. O-O Nc6 7. Bd3 Be7 8. dxc5
Nd7 9. Nd4 Nxc5 10. Bb5 Bd7 11. Nxc6 Bxc6 12. Bxc6+ bxc6 13. Nc3 O-O 14. Qe2 Qd3
15. Rd1 Qxe2 16. Nxe2 Bf6 17. Rb1 Rfd8 18. Bd2 Na4 19. Bc3 Nxb2 20. Rxd8+ Rxd8
21. Bd4 Bxd4 22. Nxd4 c5 23. Rxb2 cxd4 24. exd4 g5 25. Rb4 e5 26. Kf1 exd4 27.
Ke2 Rc8 28. Kd2 Rc3 29. Ra4 Kg7 30. Rxa7 h5 31. Ra6 f6 32. h3 Kg6 33. Ra5 g4 34.
hxg4 hxg4 35. Rd5 1/2-1/2

[Event "World Rapid 2018"]
[Site "St Petersburg RUS"]
[Date "2018.12.26"]
[Round "5.46"]
[White "Melkumyan, Hrant"]
[Black "Geller, Jakov"]
[Result "0-1"]
[WhiteTitle "GM"]
[BlackTitle "GM"]
[WhiteElo "2670"]
[BlackElo "2518"]
[WhiteFideId "13302485"]
[BlackFideId "4151984"]
[EventDate "2018.12.26"]

1. c4 e6 2. Nf3 d5 3. d4 Nf6 4. Nc3 c6 5. Bg5 dxc4 6. e4 b5 7. e5 h6 8. Bh4 g5
9. Nxg5 hxg5 10. Bxg5 Nbd7 11. g3 Bb7 12. exf6 c5 13. d5 Qb6 14. Bg2 O-O-O 15.
O-O b4 16. Rb1 Qa6 17. dxe6 Bxg2 18. e7 Bxf1 19. Kxf1 bxc3 20. Qd5 Bh6 21.
exd8=Q+ Rxd8 22. bxc3 Bxg5 23. Qxg5 Qc6 24. Kg1 Qe4 25. Rd1 Ne5 26. Rxd8+ Kxd8
27. Qh5 Qe1+ 28. Kg2 Qxc3 29. h4 Qd4 30. Qh8+ Kd7 31. Qa8 c3 32. Qxa7+ Ke6 33.
Qa6+ Kf5 34. f3 0-1

[Event "World Rapid 2018"]
[Site "St Petersburg RUS"]
[Date "2018.12.26"]
[Round "5.47"]
[White "Tregubov, Pavel V."]
[Black "Saric, Ivan"]
[Result "0-1"]
[WhiteTitle "GM"]
[BlackTitle "GM"]
[WhiteElo "2592"]
[BlackElo "2695"]
[WhiteFideId "4115341"]
[BlackFideId "14508150"]
[EventDate "2018.12.26"]

1. d4 Nf6 2. c4 e6 3. Nc3 Bb4 4. e3 O-O 5. Ne2 Re8 6. a3 Bf8 7. d5 a5 8. Ng3 Na6
9. Be2 Nc5 10. b3 exd5 11. cxd5 a4 12. b4 Nb3 13. Rb1 c5 14. b5 Nxc1 15. Qxc1 d6
16. O-O Nd7 17. Qc2 Nb6 18. e4 g6 19. f4 Bg7 20. Kh1 h5 21. Bxh5 gxh5 22. Nxh5
Qh4 23. Nxg7 Kxg7 24. e5 Rh8 25. g3 Bf5 26. gxh4 Bxc2 27. Rbc1 Bd3 28. Rf3 c4
29. f5 dxe5 30. f6+ Kh6 31. Re1 e4 32. Rf5 Rhg8 33. Re3 Rg6 34. Nxe4 Rag8 35.
Rg5 Nxd5 36. Nd6 Rxf6 37. Reg3 Rf1+ 38. Rg1 Rxg1+ 39. Kxg1 Rxg5+ 40. hxg5+ Kxg5
41. Kf2 c3 42. Ke1 Kf4 0-1

[Event "World Rapid 2018"]
[Site "St Petersburg RUS"]
[Date "2018.12.26"]
[Round "5.48"]
[White "Potapov, Pavel"]
[Black "Demchenko, Anton"]
[Result "0-1"]
[WhiteTitle "GM"]
[BlackTitle "GM"]
[WhiteElo "2516"]
[BlackElo "2679"]
[WhiteFideId "4169786"]
[BlackFideId "4160258"]
[EventDate "2018.12.26"]

1. e4 c5 2. Nf3 Nc6 3. c3 Nf6 4. e5 Nd5 5. d4 cxd4 6. cxd4 d6 7. Bc4 dxe5 8.
dxe5 Ndb4 9. Qb3 e6 10. O-O Na5 11. Qa4+ Bd7 12. Bb5 Bxb5 13. Qxb5+ Nac6 14. Nc3
a6 15. Qc4 Qd3 16. Qg4 Qg6 17. Qxg6 hxg6 18. Rd1 Rd8 19. Rxd8+ Nxd8 20. Bg5 Be7
21. Rd1 f6 22. Be3 Nbc6 23. exf6 gxf6 24. Ne4 Rh5 25. g4 Ra5 26. a3 Ra4 27. Nfd2
f5 28. gxf5 gxf5 29. Nc3 Rg4+ 30. Kf1 Bf6 31. h3 Rh4 32. Kg2 Bxc3 33. bxc3 Ra4
34. Bc5 e5 35. c4 Ne6 36. Bd6 b5 37. cxb5 axb5 38. Nb3 Rc4 39. Rc1 Kd7 40. Rd1
Ke8 41. Rc1 Nf4+ 42. Kh2 Nd3 43. Rb1 Rc2 44. Kg3 Rc3 45. f3 Kf7 46. h4 Kg6 47.
Kh3 Kh5 48. Nd2 Rc2 49. Nf1 Nf4+ 0-1

[Event "World Rapid 2018"]
[Site "St Petersburg RUS"]
[Date "2018.12.26"]
[Round "5.49"]
[White "Esipenko, Andrey"]
[Black "Anisimov, Pavel2"]
[Result "1-0"]
[WhiteTitle "GM"]
[BlackTitle "IM"]
[WhiteElo "2593"]
[BlackElo "2533"]
[WhiteFideId "24175439"]
[BlackFideId "4135229"]
[EventDate "2018.12.26"]

1. d4 Nf6 2. Nf3 e6 3. Bf4 d5 4. e3 c5 5. c3 Bd6 6. Bg3 O-O 7. Nbd2 Qc7 8. dxc5
Qxc5 9. Bd3 Re8 10. e4 Bxg3 11. hxg3 e5 12. Qe2 Nc6 13. exd5 e4 14. Nxe4 Nxe4
15. Bxe4 f5 16. Ng5 Qe7 17. f4 Nd4 18. cxd4 fxe4 19. Rxh7 e3 20. d6 Qxd6 21.
Rh8+ 1-0

[Event "World Rapid 2018"]
[Site "St Petersburg RUS"]
[Date "2018.12.26"]
[Round "5.50"]
[White "Grigoriants, Sergey"]
[Black "Sokolin, Leonid"]
[Result "1-0"]
[WhiteTitle "GM"]
[BlackTitle "IM"]
[WhiteElo "2540"]
[BlackElo "2508"]
[WhiteFideId "4130804"]
[BlackFideId "2009161"]
[EventDate "2018.12.26"]

1. e4 e6 2. d4 d5 3. Nd2 Nf6 4. e5 Nfd7 5. Bd3 c5 6. c3 Nc6 7. Ne2 cxd4 8. cxd4
f6 9. exf6 Nxf6 10. Nf3 Qa5+ 11. Bd2 Qb6 12. Bc3 Bd6 13. O-O O-O 14. Ng3 Bd7 15.
Re1 g6 16. a3 a5 17. Rc1 Bf4 18. Rc2 Rae8 19. Rce2 Bc8 20. Nf1 Qc7 21. Rc2 Qg7
22. b4 axb4 23. axb4 Bd6 24. Rb2 g5 25. b5 Ne7 26. Bb4 Bxb4 27. Rxb4 Nf5 28. Ng3
Nxg3 29. fxg3 Nd7 30. Ne5 Nxe5 31. Rxe5 Re7 32. h3 Qf6 33. Rb2 Bd7 34. Kh2 Rg7
35. Qe1 h5 36. Be2 Qh6 37. Rc2 Rgf7 38. Rc7 Be8 39. Rxf7 Rxf7 40. Qc1 Rf5 41.
Qc8 Kf7 42. Rxf5+ exf5 43. Qxb7+ Kf8 44. Qxd5 Qf6 45. Qc5+ Kg7 46. b6 f4 47. Qe5
Qxe5 48. dxe5 1-0

[Event "World Rapid 2018"]
[Site "St Petersburg RUS"]
[Date "2018.12.26"]
[Round "5.51"]
[White "Potkin, Vladimir"]
[Black "Oganian, Miran"]
[Result "1-0"]
[WhiteTitle "GM"]
[BlackTitle "IM"]
[WhiteElo "2597"]
[BlackElo "2423"]
[WhiteFideId "4131061"]
[BlackFideId "4122488"]
[EventDate "2018.12.26"]

1. Nf3 Nf6 2. c4 e6 3. Nc3 d5 4. e3 c5 5. d4 dxc4 6. Bxc4 a6 7. Bb3 Nc6 8. O-O
Be7 9. Qe2 O-O 10. Rd1 Qc7 11. dxc5 Bxc5 12. h3 b5 13. e4 Bb7 14. e5 Nd7 15. Bf4
Rfd8 16. Ne4 Be7 17. Rac1 Nf8 18. Nd6 Ng6 19. Bg3 Qb6 20. h4 Nb4 21. h5 Nf8 22.
Bh4 Bxf3 23. Qxf3 Bxh4 24. Qxf7+ Kh8 25. Qf4 Qxf2+ 26. Qxf2 Bxf2+ 27. Kxf2 Kg8
28. a3 Nd5 29. Rxd5 1-0

[Event "World Rapid 2018"]
[Site "St Petersburg RUS"]
[Date "2018.12.26"]
[Round "5.52"]
[White "Popov, Valerij"]
[Black "Inarkiev, Ernesto"]
[Result "0-1"]
[WhiteTitle "GM"]
[BlackTitle "GM"]
[WhiteElo "2532"]
[BlackElo "2693"]
[WhiteFideId "4119410"]
[BlackFideId "4162722"]
[EventDate "2018.12.26"]

1. Nf3 d5 2. d4 Nf6 3. c4 dxc4 4. e3 e6 5. Bxc4 c5 6. O-O Nc6 7. Nc3 a6 8. Qe2
b5 9. Bb3 Bb7 10. Rd1 Be7 11. dxc5 Qc7 12. e4 O-O 13. Bg5 Rad8 14. Rac1 Rxd1+
15. Nxd1 Rd8 16. e5 Nd7 17. Bxe7 Nxe7 18. Bc2 Nxc5 19. Bxh7+ Kxh7 20. b4 Bxf3
21. gxf3 Rd5 22. f4 Ng6 23. Ne3 Rd4 24. Rxc5 Qd7 25. f5 exf5 26. Qh5+ Kg8 27. h3
Ne7 28. a3 Rd3 29. a4 bxa4 30. Ra5 f4 31. Ng2 Rxh3 0-1